书目信息 |
| 题名: |
光明之城
|
|
| 作者: | 德安科纳 著 ;塞尔本 , 杨民 编译 | |
| 分册: | ||
| 出版信息: | 上海 上海人民出版社 1999 |
|
| 页数: | 550页 | |
| 开本: | 20cm | |
| 丛书名: | ||
| 单 册: | ||
| 中图分类: | K295.7 | |
| 科图分类: | ||
| 主题词: | 游记--you ji--中国--元代--选集 , 地方史--di fang shi--泉州市--元代--史料 , 福建--地方史 , 福建--地方志 | |
| 电子资源: | ||
| ISBN: | 7-208-03326-9 | |
| 000 | 00850nam0 2200265 45 | |
| 001 | CAL 012000665279 | |
| 005 | 20041110142947.9 | |
| 010 | @a7-208-03326-9@dCNY30.00 | |
| 100 | @a20000307d1999 emky0chiy0121 ea | |
| 101 | 1 | @achi@beng@cita |
| 102 | @aCN@b310000 | |
| 105 | @afb z 000cy | |
| 200 | 1 | @a光明之城@Aguang ming zhi cheng@f(意)雅各·德安科纳著@F(Yi)Ya Ge·De An Ke Na Zhu@g(英)大卫·塞尔本(David Selbourne)编译@g杨民等译 |
| 210 | @a上海@c上海人民出版社@d1999 | |
| 215 | @a550页@c地图,插图@d20cm | |
| 606 | @a游记@Ayou ji@y中国@z元代@x选集 | |
| 606 | @a地方史@Adi fang shi@y泉州市@z元代@x史料 | |
| 606 | 0 | @a福建@x地方史 |
| 606 | 0 | @a福建@x地方志 |
| 690 | @aK295.7@v4 | |
| 701 | 1 | @a德安科纳@4著 |
| 702 | 1 | @a塞尔本@4编译 |
| 702 | 0 | @a杨民@Ayang min@4译 |
| 801 | @aCN@bTSTC@c20030415 | |
| 905 | @b322749-751@dK295.7@e112@f3 | |
| 光明之城/(意)雅各·德安科纳著/(英)大卫·塞尔本(David Selbourne)编译/杨民等译.-上海:上海人民出版社,1999 |
| 550页:地图,插图;20cm |
| ISBN 7-208-03326-9:CNY30.00 |
| ● |
| 相关链接 |
|
|
|
|
正题名:光明之城
索取号:K295.7/112
 
预约/预借
| 序号 | 登录号 | 条形码 | 馆藏地/架位号 | 状态 | 备注 |
| 1 | 0322749 | 203227490 | 第二借阅区/ [索取号:K295.7/112] | 在馆 | |
| 2 | 0322750 | 203227506 | 第二借阅区/ [索取号:K295.7/112] | 在馆 | |
| 3 | 0322751 | 203227515 | 第二样本阅览室/ [索取号:K295.7/112] | 在馆 |